[Event "Creon op 16th"]
[Site "Creon"]
[Date "2011.08.06"]
[Round "8"]
[White "Barbot, Pierre"]
[Black "Sola, Flavien"]
[Result "1-0"]
[WhiteElo "2232"]
[BlackElo "2040"]
[PlyCount "55"]
[EventDate "2011.08.01"]
[EventType "swiss"]
[EventRounds "9"]
[EventCountry "FRA"]
[SourceTitle "CBM 143 Extra"]
[Source "ChessBase"]
[SourceDate "2011.08.29"]
[SourceVersion "1"]
[SourceVersionDate "2011.08.29"]
[SourceQuality "1"]

1. e4 c5 2. Nf3 e6 3. c3 b6 4. d4 Bb7 5. Bd3 Nf6 6. e5 Nd5 7. 0-0 cxd4 8. cxd4 Be7 9. Nbd2 d6 10. Ne4 dxe5 11. Nxe5 Nc6 12. Bb5 Rc8 13. Qg4 Kf8 14. Bxc6 Bxc6 15. Bd2 Be8 16. Rac1 Nb4 17. Rxc8 Qxc8 18. Rc1 Qa6 19. a3 Nd3 20. Rc7 Nxe5 21. dxe5 Qd3 22. h3 h5 23. Qf4 Qd8 24. Rxe7 Kxe7 25. Qg5+ f6 26. exf6+ Kd7 27. fxg7 Qxg5 28. Bxg5 1-0

[Event "Creon op 16th"]
[Site "Creon"]
[Date "2011.08.01"]
[Round "1"]
[White "Sola, Flavien"]
[Black "Boudre, Jean Pierre"]
[Result "0-1"]
[WhiteElo "2040"]
[BlackElo "2304"]
[PlyCount "50"]
[EventDate "2011.08.01"]
[EventType "swiss"]
[EventRounds "9"]
[EventCountry "FRA"]
[SourceTitle "CBM 143 Extra"]
[Source "ChessBase"]
[SourceDate "2011.08.29"]
[SourceVersion "1"]
[SourceVersionDate "2011.08.29"]
[SourceQuality "1"]

1. e4 c5 2. c4 Nc6 3. Nc3 g6 4. g3 Bg7 5. Bg2 Nf6 6. Nge2 0-0 7. 0-0 Ne8 8. a3 Nc7 9. Rb1 Ne6 10. b4 d6 11. d3 Ned4 12. Nxd4 Nxd4 13. Be3 b6 14. Ne2 Bg4 15. Bxd4 Bxd4 16. h3 Bxe2 17. Qxe2 Qd7 18. Kh2 Qa4 19. e5 Rae8 20. e6 f5 21. b5 Qxa3 22. Rfc1 f4 23. Bf3 fxg3+ 24. fxg3 Rxf3 25. Qxf3 Rf8 0-1

[Event "Lille Luce op 2nd"]
[Site "Lille"]
[Date "2011.04.25"]
[Round "1"]
[White "Sola, Flavien"]
[Black "Navrotescu, Catalin"]
[Result "0-1"]
[WhiteElo "1997"]
[BlackElo "2431"]
[PlyCount "60"]
[EventDate "2011.04.25"]
[EventType "swiss"]
[EventRounds "9"]
[EventCountry "FRA"]
[SourceTitle "CBM 142 Extra"]
[Source "ChessBase"]
[SourceDate "2011.06.27"]
[SourceVersion "1"]
[SourceVersionDate "2011.06.27"]
[SourceQuality "1"]

1. c4 e5 2. Nc3 Nc6 3. g3 f5 4. Bg2 Nf6 5. Nd5 Be7 6. d3 0-0 7. Nf3 d6 8. 0-0 Nxd5 9. cxd5 Nb8 10. e4 Na6 11. Qc2 Qe8 12. Nd2 f4 13. d4 exd4 14. Nf3 fxg3 15. hxg3 Bf6 16. Bg5 d3 17. Qd2 Bg4 18. Bxf6 Bxf3 19. Bxf3 Rxf6 20. Qxd3 Nc5 21. Qe3 a5 22. Bg2 Rh6 23. Rad1 Qh5 24. f4 Re8 25. Rd4 g5 26. Rf2 gxf4 27. gxf4 Kh8 28. Rc4 Rg6 29. f5 Rg7 30. f6 Rf7 0-1

[Event "Rohde op 10th"]
[Site "Sautron"]
[Date "2010.10.27"]
[Round "6"]
[White "Crouan, Stephane"]
[Black "Sola, Flavien"]
[Result "1/2-1/2"]
[WhiteElo "2207"]
[BlackElo "1903"]
[PlyCount "106"]
[EventDate "2010.10.23"]
[EventType "swiss"]
[EventRounds "9"]
[EventCountry "FRA"]
[SourceTitle "EXT 2012"]
[Source "ChessBase"]
[SourceDate "2011.11.24"]
[SourceVersion "1"]
[SourceVersionDate "2011.11.24"]
[SourceQuality "1"]

1. e4 e6 2. d4 c5 3. Nf3 cxd4 4. Nxd4 Bc5 5. Nb3 Bb6 6. Nc3 Ne7 7. g3 Nbc6 8. Bg2 0-0 9. 0-0 f5 10. Qe2 fxe4 11. Nxe4 d5 12. Nc3 a5 13. a4 Ng6 14. Be3 Bxe3 15. fxe3 Rxf1+ 16. Rxf1 b6 17. Nd4 Ba6 18. Ncb5 Qd7 19. c4 Re8 20. cxd5 Nxd4 21. exd4 exd5 22. Qf3 Bb7 23. Qf5 Qxf5 24. Rxf5 Rd8 25. Nc3 Ne7 26. Re5 Kf7 27. Kf2 Rd6 28. h4 Rf6+ 29. Ke3 Re6 30. Bh3 Rxe5+ 31. dxe5 g6 32. Kd4 h6 33. b3 Bc6 34. Nd1 Be8 35. Ne3 h5 36. Ng2 b5 37. axb5 Bxb5 38. Nf4 a4 39. bxa4 Bxa4 40. Kc5 Bb3 41. Ne6 Ba2 42. Nd4 Bc4 43. Bd7 Ba2 44. Kd6 Bc4 45. Kc7 Bd3 46. Kd8 Bf5 47. Bxf5 Nxf5 48. Nxf5 Ke6 49. Ne7 Kxe5 50. Kd7 d4 51. Nc6+ Kf5 52. Nxd4+ Kg4 53. Ne2 g5 1/2-1/2

[Event "Rohde op 10th"]
[Site "Sautron"]
[Date "2010.10.26"]
[Round "5"]
[White "Sola, Flavien"]
[Black "Berczes, David"]
[Result "0-1"]
[WhiteElo "1903"]
[BlackElo "2520"]
[PlyCount "62"]
[EventDate "2010.10.23"]
[EventType "swiss"]
[EventRounds "9"]
[EventCountry "FRA"]
[SourceTitle "EXT 2012"]
[Source "ChessBase"]
[SourceDate "2011.11.24"]
[SourceVersion "1"]
[SourceVersionDate "2011.11.24"]
[SourceQuality "1"]

1. c4 Nf6 2. Nc3 e6 3. g3 d5 4. Bg2 c6 5. Qb3 d4 6. Ne4 Nxe4 7. Bxe4 Nd7 8. Qc2 Nc5 9. Bg2 d3 10. Qc3 Be7 11. e4 0-0 12. e5 a5 13. b3 f6 14. f4 fxe5 15. fxe5 Qb6 16. Nh3 Bd7 17. Bb2 Be8 18. Rf1 Rxf1+ 19. Bxf1 Bg6 20. Nf4 Ne4 21. Qd4 Bc5 22. Qd7 Bf2+ 23. Kd1 Nc5 24. Qe7 Re8 25. Qd6 Rd8 26. Qe7 Rd7 27. Qg5 Nxb3 28. Nxg6 Nxa1 29. Bh3 c5 30. Ne7+ Kf8 31. Bxe6 Qxe6 0-1

[Event "Figueres op 11th"]
[Site "Figueres"]
[Date "2010.08.14"]
[Round "4"]
[White "Adrian, Claude"]
[Black "Sola, Flavien"]
[Result "1-0"]
[WhiteElo "2292"]
[BlackElo "1954"]
[PlyCount "45"]
[EventDate "2010.08.11"]
[EventType "swiss"]
[EventRounds "9"]
[EventCountry "ESP"]
[SourceTitle "CBM 137 Extra"]
[Source "ChessBase"]
[SourceDate "2010.09.01"]
[SourceVersion "1"]
[SourceVersionDate "2010.09.01"]
[SourceQuality "1"]

1. Nf3 d6 2. d4 g6 3. c4 Bg7 4. g3 Nf6 5. Bg2 0-0 6. 0-0 c6 7. Nc3 Qc7 8. Qc2 Nbd7 9. e4 e5 10. h3 a6 11. a4 h6 12. a5 Rd8 13. Be3 exd4 14. Nxd4 b6 15. Nxc6 Re8 16. e5 dxe5 17. axb6 Nxb6 18. Qb3 Nbd7 19. Nb5 axb5 20. Rxa8 bxc4 21. Qxc4 Nb6 22. Bxb6 Qxb6 23. Rxc8 1-0

[Event "Figueres op 11th"]
[Site "Figueres"]
[Date "2010.08.12"]
[Round "2"]
[White "Lillo Castany, Victor"]
[Black "Sola, Flavien"]
[Result "1-0"]
[WhiteElo "2284"]
[BlackElo "1954"]
[PlyCount "49"]
[EventDate "2010.08.11"]
[EventType "swiss"]
[EventRounds "9"]
[EventCountry "ESP"]
[SourceTitle "CBM 137 Extra"]
[Source "ChessBase"]
[SourceDate "2010.09.01"]
[SourceVersion "1"]
[SourceVersionDate "2010.09.01"]
[SourceQuality "1"]

1. e4 e5 2. Nf3 Nc6 3. d4 exd4 4. Nxd4 Bc5 5. Be3 Qf6 6. c3 Nge7 7. Bc4 Ne5 8. Be2 Qg6 9. 0-0 0-0 10. Nd2 d5 11. f3 Bb6 12. Kh1 dxe4 13. Nxe4 Rd8 14. Qb3 h6 15. Rad1 Nd5 16. Bc1 c5 17. Nb5 Be6 18. c4 Ne7 19. Be3 Nd7 20. Nbd6 f5 21. Nc3 Bd5 22. cxd5 Qxd6 23. Nb5 Qe5 24. d6+ c4 25. Bxc4+ 1-0

[Event "Rohde op 09th"]
[Site "Sautron"]
[Date "2009.10.25"]
[Round "2"]
[White "Delorme, Axel"]
[Black "Sola, Flavien"]
[Result "1-0"]
[WhiteElo "2442"]
[BlackElo "1946"]
[PlyCount "89"]
[EventDate "2009.10.24"]
[EventType "swiss"]
[EventRounds "9"]
[EventCountry "FRA"]
[SourceTitle "EXT 2010"]
[Source "ChessBase"]
[SourceDate "2010.11.25"]
[SourceVersion "1"]
[SourceVersionDate "2010.11.25"]
[SourceQuality "1"]

1. e4 e5 2. Nf3 Nc6 3. Bb5 Nf6 4. d3 d6 5. 0-0 a6 6. Bxc6+ bxc6 7. d4 Be7 8. Nc3 exd4 9. Nxd4 Bd7 10. Qf3 Ng4 11. Bf4 Bf6 12. e5 Bxe5 13. Nxc6 Bxc6 14. Qxc6+ Kf8 15. Bxe5 Nxe5 16. Qe4 Rb8 17. b3 h5 18. f4 Ng4 19. Rae1 Rh6 20. Qd3 Qc8 21. Ne4 Rb5 22. Ng5 Qf5 23. Qe2 Qd7 24. h3 Nf6 25. Rf3 Rg6 26. Re3 Rbxg5 27. fxg5 Rxg5 28. Qxa6 g6 29. Rf1 Kg7 30. Ref3 Nd5 31. Qd3 Qe6 32. c4 Ne7 33. Rxf7+ Qxf7 34. Rxf7+ Kxf7 35. b4 d5 36. c5 Re5 37. b5 Re1+ 38. Kf2 Rc1 39. b6 Rxc5 40. b7 Nc6 41. Qa6 Rc2+ 42. Ke1 Nb8 43. Qa8 Nd7 44. a4 Rb2 45. a5 1-0

[Event "Pornic op"]
[Site "Pornic"]
[Date "2008.08.??"]
[Round "2"]
[White "Sola, Flavien"]
[Black "Primel, Dominique"]
[Result "1-0"]
[WhiteElo "1895"]
[BlackElo "2012"]
[PlyCount "55"]
[EventDate "2008.08.??"]
[EventType "swiss"]
[EventRounds "6"]
[EventCountry "FRA"]
[SourceTitle "EXT 2009"]
[Source "ChessBase"]
[SourceDate "2008.11.26"]
[SourceVersion "1"]
[SourceVersionDate "2008.11.26"]
[SourceQuality "1"]

1. c4 e5 2. Nc3 Nf6 3. Nf3 Nc6 4. d4 exd4 5. Nxd4 Bb4 6. Nxc6 bxc6 7. Bd2 0-0 8. a3 Be7 9. e4 d5 10. cxd5 cxd5 11. exd5 Nxd5 12. Bc4 Nxc3 13. Bxc3 Bd6 14. Qf3 Re8+ 15. Kf1 Be6 16. Bxe6 Rxe6 17. g3 Rb8 18. Kg2 Qd7 19. Rad1 Rh6 20. h4 Re8 21. Rd4 Rhe6 22. Rd2 Qb5 23. Rhd1 Re4 24. Rd5 Qb3 25. Rg5 Bf8 26. Qf6 R4e5 27. Bxe5 Rxe5 28. Rd8 1-0

[Event "Angers op 2nd"]
[Site "Angers"]
[Date "2007.04.13"]
[Round "2.20"]
[White "Sola, Flavien"]
[Black "Hallay, Axel"]
[Result "1-0"]
[WhiteElo "1847"]
[BlackElo "1610"]
[PlyCount "125"]
[EventDate "2007.04.13"]
[EventType "swiss"]
[EventRounds "6"]
[EventCountry "FRA"]
[SourceTitle "CBM 117 Extra"]
[Source "ChessBase"]
[SourceDate "2007.05.09"]
[SourceVersion "1"]
[SourceVersionDate "2007.05.09"]
[SourceQuality "1"]

1. e4 d6 2. d4 Nf6 3. Nc3 Nbd7 4. Be3 e5 5. Nf3 Be7 6. Bc4 c6 7. 0-0 0-0 8. d5 a5 9. a4 Nb6 10. Be2 Ng4 11. Bc1 f5 12. h3 Nf6 13. dxc6 bxc6 14. exf5 Bxf5 15. Bd3 Nfd5 16. Nxd5 Nxd5 17. Bc4 Be6 18. c3 Kh8 19. Re1 Nxc3 20. Qb3 Bxc4 21. Qxc4 Nd5 22. Qxc6 Nb4 23. Qe4 d5 24. Qe2 Bc5 25. Bg5 Qb6 26. Rf1 e4 27. Ne1 Rf5 28. Bh4 Raf8 29. Rc1 Na2 30. Rd1 Bd4 31. Ra1 Nb4 32. Rb1 Re5 33. Bg3 Ree8 34. Nc2 Nxc2 35. Qxc2 Rc8 36. Qe2 Rc4 37. b3 Rc3 38. Qa2 Rxg3 39. Kh2 Rc3 40. Qa3 Qc5 41. b4 axb4 42. Qxb4 Qxb4 43. Rxb4 Be5+ 44. Kg1 Ra3 45. Rb5 Rd8 46. a5 Ra1 47. Rxa1 Bxa1 48. Kf1 d4 49. a6 d3 50. Ke1 Bc3+ 51. Kd1 Bd4 52. Ke1 h6 53. Rb7 Rf8 54. f3 e3 55. Rb3 Rd8 56. Rxd3 Bb6 57. Rxd8+ Bxd8 58. a7 Ba5+ 59. Ke2 Bd2 60. a8Q+ Kh7 61. Qe4+ g6 62. h4 h5 63. f4 1-0

[Event "FRA-ch U14"]
[Site "Aix les Bains"]
[Date "2006.??.??"]
[Round "2"]
[White "Sola, Flavien"]
[Black "Massoni, Michael"]
[Result "0-1"]
[WhiteElo "1882"]
[BlackElo "2040"]
[PlyCount "122"]
[EventDate "2006.04.16"]
[EventType "swiss"]
[EventRounds "9"]
[EventCountry "FRA"]
[SourceTitle "EXT 2007"]
[Source "ChessBase"]
[SourceDate "2006.11.23"]
[SourceVersion "1"]
[SourceVersionDate "2006.11.23"]
[SourceQuality "1"]

1. e4 c5 2. Nc3 Nc6 3. g3 g6 4. Bg2 Bg7 5. d3 d6 6. Be3 Nf6 7. h3 e5 8. Nge2 0-0 9. 0-0 Ne8 10. Qd2 Nc7 11. Bh6 Be6 12. Bxg7 Kxg7 13. f4 f6 14. f5 Bf7 15. Rf2 b5 16. fxg6 hxg6 17. Raf1 Be6 18. Nd5 Bxd5 19. exd5 Ne7 20. a3 Rb8 21. Qa5 Ncxd5 22. Qxa7 Ne3 23. Rc1 Nxg2 24. Kxg2 Rf7 25. Qa6 Qb6 26. Qxb6 Rxb6 27. b3 Nd5 28. Rf3 Ra6 29. c4 Nc7 30. Ra1 bxc4 31. dxc4 Ne6 32. Rd3 Rd7 33. a4 e4 34. Rd2 f5 35. Rad1 Kf6 36. Nc3 Nd4 37. Nd5+ Ke5 38. b4 Rb7 39. a5 Nf3 40. Ra2 cxb4 41. Ra4 b3 42. Nb4 Ra8 43. a6 Rxb4 44. Rxb4 Rxa6 45. Rxb3 Ra2+ 46. Kf1 Nd2+ 47. Rxd2 Rxd2 48. Rb5+ Kd4 49. Rd5+ Ke3 50. Rb5 Kf3 51. Rb3+ e3 52. Rb1 Rh2 53. Kg1 Rg2+ 54. Kh1 Rxg3 55. Kh2 f4 56. Rd1 e2 57. Rd3+ Kf2 58. Rd2 Ke3 59. Rxd6 e1Q 60. Re6+ Kd2 61. Rxe1 Kxe1 0-1